Análisis numérico

Gorde:
Xehetasun bibliografikoak
Egile Nagusiak: Burden, Richard L (Egilea), Faires, J. Douglas (Egilea)
Formatua: Liburua
Hizkuntza:gaztelania
Argitaratua: Ciudad de México International Thomson 2002
Edizioa:7a. ed
Gaiak:
Sarrera elektronikoa:Disponible Online
Etiketak: Etiketa erantsi
Etiketarik gabe, Izan zaitez lehena erregistro honi etiketa jartzen!

MARC

LEADER 00000nam a2200000 a 4500
001 UCM9078
003 CL-VaPUC
005 20240719090514.0
008 030411e20020000MX |||||||||||||||||spa|d
999 |c 303456  |d 303454 
040 |c Pontificia Universidad Católica de Valparaíso 
082 0 4 |a 519.4  |b BUR  |2 21 
100 0 |a Burden, Richard L  |e author  |9 475449 
245 1 0 |a Análisis numérico 
250 |a 7a. ed 
260 |a Ciudad de México  |b International Thomson  |c 2002 
300 |a 839 p 
500 |a c.18 Donación MEM Nº03/23 -(MAT 20-7-2023) 
583 |a last modification  |c 20030411 00:00:00  |k Rodrigo Vera 
650 0 |a Análisis numérico   |9 259387  |x Métodos   |v Problemas y ejercicios  
650 0 |a Álgebra   |x Matrices  |9 369268 
650 0 |a Sistemas de ecuaciones  |2 CL-VaPUC  |9 445671  |x Lineales y no lineales 
650 0 |a Ecuaciones diferenciales ordinarias  |9 270041  |x Métodos  
700 0 |a Faires, J. Douglas  |e author  |9 475450 
852 |a BIBCUR 
856 |u http://bibliografiadigital.pucv.cl.pucv.idm.oclc.org/index.php/bibliotecapucv/catalog/book/222  |y Disponible Online  
942 |c BK  |2 ddc 
945 |d 20030411 00:00:00  |a vberengu 
952 |0 0  |1 0  |2 ddc  |4 0  |6 519_400000000000000_BUR_2002  |7 0  |8 A  |9 364769  |a BIBING  |b BIBING  |c RES  |d 2019-11-21  |i 3895807  |o 519.4 BUR 2002  |p 3895807  |r 2025-01-20  |w 2019-11-21  |y BK  |k TRA 
952 |0 0  |1 0  |2 ddc  |4 0  |6 519_400000000000000_BUR_2002  |7 0  |8 A  |9 364770  |a BIBING  |b BIBING  |c RES  |d 2019-11-21  |i 3895815  |o 519.4 BUR 2002  |p 3895815  |r 2025-01-20  |w 2019-11-21  |y BK  |k TRA 
952 |0 0  |1 0  |2 ddc  |4 0  |6 519_400000000000000_BUR_2002  |7 0  |8 A  |9 364771  |a BIBING  |b BIBING  |c RES  |d 2019-11-21  |i 3895823  |o 519.4 BUR 2002  |p 3895823  |r 2025-01-20  |w 2019-11-21  |y BK  |k TRA 
952 |0 0  |1 0  |2 ddc  |4 0  |6 519_400000000000000_BUR_2002  |7 0  |8 A  |9 364772  |a BIBING  |b BIBING  |c RES  |d 2019-11-21  |i 3895831  |o 519.4 BUR 2002  |p 3895831  |r 2025-01-20  |w 2019-11-21  |y BK  |k TRA 
952 |0 0  |1 0  |2 ddc  |4 0  |6 519_400000000000000_BUR_2002  |7 0  |8 A  |9 364773  |a BIBING  |b BIBING  |c RES  |d 2019-11-21  |i 389584K  |l 1  |o 519.4 BUR 2002  |p 389584K  |r 2025-01-20  |s 2022-03-04  |w 2019-11-21  |y BK  |k TRA 
952 |0 0  |1 0  |2 ddc  |4 0  |6 519_400000000000000_BUR_2002  |7 0  |8 A  |9 364774  |a BIBING  |b BIBING  |c RES  |d 2019-11-21  |i 3895858  |o 519.4 BUR 2002  |p 3895858  |r 2025-01-20  |w 2019-11-21  |y BK  |k TRA 
952 |0 0  |1 0  |4 0  |6 519_400000000000000_BUR_2002  |7 0  |8 A  |9 364775  |a BIBGIM  |b BIBGIM  |d 2019-11-21  |i 4377877  |l 2  |m 1  |o 519.4 BUR 2002  |p 4377877  |r 2025-01-15  |s 2022-11-03  |w 2019-11-21  |y BK  |k EST 
952 |0 0  |1 0  |2 ddc  |4 0  |6 519_400000000000000_BUR_2002  |7 0  |8 A  |9 364776  |a BIBING  |b BIBING  |c PAC  |d 2019-11-21  |i 4459857  |o 519.4 BUR 2002  |p 4459857  |r 2025-01-20  |w 2019-11-21  |y BK  |k EIE 
952 |0 0  |1 0  |2 ddc  |4 0  |6 519_400000000000000_BUR_2002  |7 0  |8 A  |9 364777  |a BIBING  |b BIBING  |c RES  |d 2019-11-21  |i 4459849  |o 519.4 BUR 2002  |p 4459849  |r 2025-01-20  |w 2019-11-21  |y BK  |k EIE 
952 |0 0  |1 0  |4 0  |6 519_400000000000000_BUR_2002  |7 0  |8 A  |9 364778  |a BIBMEC  |b BIBMEC  |d 2019-11-21  |i 4507495  |o 519.4 BUR 2002  |p 4507495  |r 2024-01-19  |w 2019-11-21  |y BK  |k MEC 
952 |0 0  |1 0  |2 ddc  |4 0  |6 519_400000000000000_BUR_2002  |7 0  |8 A  |9 364779  |a BIBING  |b BIBING  |c RES  |d 2019-11-21  |i 4641280  |o 519.4 BUR 2002  |p 4641280  |r 2025-01-20  |w 2019-11-21  |y BK  |k CCI 
952 |0 0  |1 0  |2 ddc  |4 0  |6 519_400000000000000_BUR_2002  |7 0  |8 A  |9 364780  |a BIBING  |b BIBING  |c RES  |d 2019-11-21  |i 4778162  |o 519.4 BUR 2002  |p 4778162  |r 2025-01-20  |w 2019-11-21  |y BK  |k EIE 
952 |0 0  |1 0  |2 ddc  |4 0  |6 519_400000000000000_BUR_2002  |7 0  |8 A  |9 364781  |a BIBING  |b BIBING  |c RES  |d 2019-11-21  |i 4778170  |o 519.4 BUR 2002  |p 4778170  |r 2025-01-20  |w 2019-11-21  |y BK  |k EIE 
952 |0 0  |1 0  |2 ddc  |4 0  |6 519_400000000000000_BUR_2002  |7 0  |8 A  |9 364782  |a BIBING  |b BIBING  |c RES  |d 2019-11-21  |i 4778189  |l 1  |m 1  |o 519.4 BUR 2002  |p 4778189  |r 2025-01-20  |s 2023-08-17  |w 2019-11-21  |y BK  |k EIE 
952 |0 0  |1 0  |2 ddc  |4 0  |6 519_400000000000000_BUR_2002  |7 0  |8 A  |9 364783  |a BIBING  |b BIBING  |c RES  |d 2019-11-21  |i 4778200  |o 519.4 BUR 2002  |p 4778200  |r 2025-01-20  |w 2019-11-21  |y BK  |k EIE 
952 |0 0  |1 0  |2 ddc  |4 0  |6 519_400000000000000_BUR_2002  |7 0  |8 A  |9 364784  |a BIBING  |b BIBING  |c RES  |d 2019-11-21  |i 4778219  |o 519.4 BUR 2002  |p 4778219  |r 2025-01-20  |w 2019-11-21  |y BK  |k EIE 
952 |0 0  |1 0  |2 ddc  |4 0  |6 519_400000000000000_BUR_2002  |7 0  |8 A  |9 364785  |a BIBING  |b BIBING  |c RES  |d 2019-11-21  |i 4778197  |o 519.4 BUR 2002  |p 4778197  |r 2025-01-20  |w 2019-11-21  |y BK  |k EIE 
952 |0 0  |1 0  |2 ddc  |4 0  |6 519_400000000000000_BUR_2002  |7 0  |8 A  |9 590938  |a BIBMAT  |b BIBMAT  |c GEN  |d 2023-07-24  |e Donación   |i 5658116  |l 2  |o 519.4 BUR 2002   |p 5658116  |r 2025-01-07  |s 2024-09-02  |t 18  |w 2023-07-24  |y BK  |k MAT